Badin

Αποθηκεύτηκε σε:
Λεπτομέρειες βιβλιογραφικής εγγραφής
Κύριος συγγραφέας: Sabatier, Jean-Claude
Μορφή: Βιβλίο
Γλώσσα:French
Δημοσίευση: [S. l. : s. n.], 2007.
Θέματα:
Ετικέτες: Προσθήκη ετικέτας
Δεν υπάρχουν, Καταχωρήστε ετικέτα πρώτοι!

MARC

LEADER 00000cam a2200000 a 4500
001 1/111391
008 160721s2007####xx | ||| |||| ||fre||
040 |a GR-MyUa  |b gre  |c GR-MyUa  |e AACR2 
041 0 |a fre 
082 7 |a 700.92   |2 (23)  
100 1 |a Sabatier, Jean-Claude. 
245 1 0 |a Badin /   |c Jean Claude Sabatier.  
260 |a [S. l. :   |b s. n.],   |c 2007.  
300 |a [16] φύλλα :   |b εικ. ;   |c 20 εκ.  
500 |a Συμμετέχει στο "Syros Open Art Studios - Ανοικτά καλλιτεχνικά εργαστήρια".  
600 1 0 |2 lcgft  |a Sabatier, Jean-Claude  |v Exhibitions. 
852 |a INST  |b SYROS  |c KYK  |e 20160721  |h 700.92 SAB  |p 005500012676  |q 005500012676  |t BK  |y 0 
970 |a Κοντού  |b Παρασκευή  |z 21/07/2016